Loading...
| Literature - European | 0 | 11 | 1 | 0 | 105 | 69 | 92.82 | 5 | 11 | 27.96 | 75.64 |
| History - World | 0 | 9 | 0 | 1 | 90 | 68 | 95.78 | 5 | 7 | 16.92 | 52.56 |
| Literature - British | 0 | 10 | 3 | 1 | 85 | 68 | 110.30 | 7 | 10 | 14.86 | 67.95 |
| History - European | 0 | 9 | 1 | 0 | 85 | 55 | 81.44 | 6 | 8 | 26.83 | 60.26 |
| History - Other | 0 | 9 | 2 | 0 | 80 | 58 | 96.67 | 5 | 9 | 16.68 | 57.69 |
| Literature - American | 0 | 8 | 2 | 0 | 70 | 22 | 89.13 | 4 | 8 | 22.52 | 55.13 |
| Literature - World | 0 | 7 | 1 | 2 | 65 | 72 | 111.86 | 3 | 6 | 10.62 | 42.31 |
| Religion | 0 | 5 | 0 | 0 | 50 | 80 | 102.20 | 2 | 2 | 8.63 | 20.51 |
| Fine Arts - Painting and Sculpture | 0 | 5 | 0 | 0 | 50 | 82 | 116.80 | 3 | 5 | 6.52 | 32.05 |
| History - American | 0 | 4 | 0 | 0 | 40 | 52 | 72.25 | 2 | 3 | 12.81 | 25.64 |
| Fine Arts - Other | 0 | 3 | 0 | 0 | 30 | 114 | 115.67 | 1 | 3 | 3.25 | 17.95 |
| Science - Other | 0 | 3 | 0 | 0 | 30 | 82 | 104.33 | 1 | 2 | 4.19 | 17.95 |
| Philosophy | 0 | 3 | 1 | 0 | 25 | 51 | 75.33 | 1 | 3 | 9.57 | 17.95 |
| Current Events | 0 | 2 | 0 | 1 | 20 | 65 | 100.50 | 1 | 1 | 11.46 | 25.00 |
| Other Academic | 0 | 2 | 0 | 0 | 20 | 96 | 112.00 | 1 | 1 | 23.88 | 75.00 |
| Pop Culture | 0 | 2 | 0 | 0 | 20 | 30 | 77.50 | 1 | 1 | 27.85 | 50.00 |
| Mythology | 0 | 1 | 0 | 0 | 10 | 99 | 99.00 | 0 | 1 | 2.29 | 6.41 |
| Fine Arts - Classical Music | 0 | 1 | 0 | 0 | 10 | 115 | 115.00 | 0 | 1 | 0.32 | 5.13 |
| Science - Physics | 0 | 2 | 2 | 0 | 10 | 95 | 109.50 | 0 | 2 | 2.50 | 12.82 |
| Science - Chemistry | 0 | 0 | 0 | 0 | 0 | 0.00 | 0 | 0 | 0.00 | 0.00 |